00511nam a2200193 a 4500001001300000003000900013005001700022008004100039020001000080082001300090100002500103245004100128260003200169300000900201500003500210505002400245650002300269700002500292nice12345678IN_TiNIC20260116014545.0050524s1996 newa grp 000 0 eng  ac30000a323bVAD aVadackumchery, James aHuman Rights and the Police in India aNew DelhibAPH Pub.Coc1996 a194p aincludes index and biblioraphy2 aBibliography, Index aHuman Rights-India1 aVadackumchery, James